Normal view
MARC view
- Citizen participation
Entry Topical Term
001 - CONTROL NUMBER
- control field: 10126
003 - CONTROL NUMBER IDENTIFIER
- control field: NUST
005 - DATE AND TIME OF LATEST TRANSACTION
- control field: 20180312050121.0
008 - FIXED-LENGTH DATA ELEMENTS
- fixed length control field: 180312|| aca||aabn | a|a d
040 ## - CATALOGING SOURCE
- Original cataloging agency: NUST
- Transcribing agency: NUST
150 ## - HEADING--TOPICAL TERM
- Topical term or geographic name entry element: Citizen participation
670 ## - SOURCE DATA FOUND
- Source citation: Work cat.: (NUST): Husain, Tariq 10124, Natural resources and sustainability in Pakistan, Middle East and Africa /, 2016
